Classics in the theory of chemical combination /

Guardado en:
Otros Autores: Benfey, O. Theodor 1925-, (Editor , ed.)
Formato: Libro
Idioma:English
Publicado: Malabar, Fla. : R.E. Krieger Pub. Co., 1981, c1963.
Series:Classics of science ; v. 1.
Materias:
Etiquetas: Agregar Etiqueta
Sin Etiquetas, Sea el primero en etiquetar este registro!
LEADER 02163cam a22002895a 4500
001 EIQ.libpla000542
008 810528r19811963flua#####b####001#0#eng#d
005 20060315135817.0
245 0 0 |a Classics in the theory of chemical combination /  |c edited by O. Theodor Benfey. 
260 |a Malabar, Fla. :  |b R.E. Krieger Pub. Co.,  |c 1981, c1963. 
300 |a xii, 191 p. :  |b il. ;  |c 24 cm. 
500 |a Reimpresión. Publicación original 1a. ed. New York : Dover Publications, 1963. (Classics of science ; v. 1). 
504 |a Incluye referencias bibliográfica e índice. 
505 0 |a Researches respecting the radical of benzoic acid / Friedrich Wöhler and Justus Liebig -- Translator's preface (by William Odling); Carbon, metallic and hydrogen, oxygen, and chlorine substitutions; theory of chlorine substitutions; nitrogen substitutions / Auguste Laurent -- On the constitution of salts / Alexander W. Williamson -- On a new series of organic bodies containing metals / Edward Frankland -- The constitution and metamorphoses of chemical compounds and the chemical nature of carbon / August Kekulé -- On a new chemical theory / Archibald Scott Couper -- On a new chemical theory / Archibald Scott Couper -- A suggestion looking to the extension into space of the structural formulas at present used in chemistry, and a note upon the relation between the optical activity and the chemical constitution of organic compounds / Jacobus Henricus van't Hoff -- On the relations which exist between the atomic formulas of organic compounds and the rotatory power of their solutions / Joseph Achille le Bel. 
020 |a 0898743680 
700 1 |a Benfey, O. Theodor  |q (Otto Theodor),  |d 1925-,  |e ed.  |4 edt 
830 0 |a Classics of science ;  |v v. 1. 
082 0 0 |a 541  |2 19 
650 0 |a Chemistry, Physical and theoretical  |x Addresses, essays, lectures. 
650 4 |a Fisica  |x Teoría. 
650 4 |a Química  |x Teoría. 
650 4 |a Chemical  |x Theory. 
650 4 |a Physics  |x Theory. 
010 |a  81008300  
040 |a DLC  |c DLC  |d AR-BbSID 
859 |a AR-BbSID  |b BIB. PLAPIQUI  |h 541  |i C 569  |p 4196  |t Ej. 1  |v Ej. 1 
859 |a AR-BbSID  |b BIB. PLAPIQUI  |h 541  |i C 569  |p 4712  |t Ej. 2  |v Ej. 2